5HLuxD.jpg

KING HENRY VIII SENIOR AND PRIMARY SCHOOL LIBRARY OPAC

Tartuffe, the imposter / (Record no. 2931)

000 -LEADER
fixed length control field 00959pam a2200301 i 4500
001 - CONTROL NUMBER
control field 019220450
003 - CONTROL NUMBER IDENTIFIER
control field Uk
005 - DATE AND TIME OF LATEST TRANSACTION
control field 20230912145219.0
008 - FIXED-LENGTH DATA ELEMENTS--GENERAL INFORMATION
fixed length control field 190118s2019 enk |0|0|0|eng d
015 ## - NATIONAL BIBLIOGRAPHY NUMBER
National bibliography number GBB914154
Source bnb
016 7# - NATIONAL BIBLIOGRAPHIC AGENCY CONTROL NUMBER
Record control number 019220450
Source Uk
020 ## - INTERNATIONAL STANDARD BOOK NUMBER
International Standard Book Number 9780571354351
Qualifying information paperback
040 ## - CATALOGING SOURCE
Original cataloging agency StDuBDS
Language of cataloging eng
Transcribing agency StDuBDS
Modifying agency Uk
-- KH8
Description conventions rda
042 ## - AUTHENTICATION CODE
Authentication code ukblsr
082 04 - DEWEY DECIMAL CLASSIFICATION NUMBER
Classification number 822.92 DON
Edition number 23
100 1# - MAIN ENTRY--PERSONAL NAME
Personal name Donnelly, John
Titles and words associated with a name (Dramatist),
Relator term author.
245 10 - TITLE STATEMENT
Title Tartuffe, the imposter /
Statement of responsibility, etc. in a new version by John Donnelly ; from a literal translation by Guillaume Pigé.
264 #1 - PRODUCTION, PUBLICATION, DISTRIBUTION, MANUFACTURE, AND COPYRIGHT NOTICE
Place of production, publication, distribution, manufacture London :
Name of producer, publisher, distributor, manufacturer Faber & Faber,
Date of production, publication, distribution, manufacture, or copyright notice 2019.
300 ## - PHYSICAL DESCRIPTION
Extent 115 pages ;
Dimensions 20 cm.
336 ## - CONTENT TYPE
Content type term text
Source rdacontent
337 ## - MEDIA TYPE
Media type term unmediated
Source rdamedia
338 ## - CARRIER TYPE
Carrier type term volume
Source rdacarrier
500 ## - GENERAL NOTE
General note At head of title: Molière.
700 1# - ADDED ENTRY--PERSONAL NAME
Personal name Pigé, Guillaume,
Relator term translator.
700 1# - ADDED ENTRY--PERSONAL NAME
Personal name Molière,
Dates associated with a name 1622-1673.
Title of a work Tartuffe.
776 08 - ADDITIONAL PHYSICAL FORM ENTRY
Relationship information ebook version :
International Standard Book Number 9780571354368
942 ## - ADDED ENTRY ELEMENTS (KOHA)
Source of classification or shelving scheme
Koha item type Teaching Resources
Holdings
Withdrawn status Lost status Source of classification or shelving scheme Damaged status Not for loan Collection code Permanent Location Current Location Shelving location Date acquired Total Checkouts Full call number Barcode Date last seen Date last checked out Price effective from Koha item type Date due
          Teaching Resources KH8 Senior School Library KH8 Senior School Library Staff Office 2023-09-12 1 822.92 DON TRKHSL003056 2025-07-04 2024-11-06 2023-09-12 Teaching Resources  
          Teaching Resources KH8 Senior School Library KH8 Senior School Library Staff Office 2023-09-12   822.92 DON TRKHSL003057 2023-09-12   2023-09-12 Teaching Resources  
          Teaching Resources KH8 Senior School Library KH8 Senior School Library Staff Office 2023-09-12   822.92 DON TRKHSL003058 2023-09-12   2023-09-12 Teaching Resources  
          Teaching Resources KH8 Senior School Library KH8 Senior School Library Staff Office 2023-09-12   822.92 DON TRKHSL003059 2023-09-12   2023-09-12 Teaching Resources  
          Teaching Resources KH8 Senior School Library KH8 Senior School Library Staff Office 2023-09-12 1 822.92 DON TRKHSL003060 2025-08-22 2025-08-22 2023-09-12 Teaching Resources 2026-07-03
          Teaching Resources KH8 Senior School Library KH8 Senior School Library Staff Office 2023-09-13   822.92 DON TRKHSL003086 2023-09-13   2023-09-13 Teaching Resources  

Powered By KH8 IT Dept